[Event "CRO-chT2 Center 25th"]
[Site "Croatia"]
[Date "2016.11.06"]
[Round "11.13"]
[White "Ivekovic, Bozidar1"]
[Black "Lovrencic, Vladimir"]
[Result "1/2-1/2"]
[WhiteElo "2362"]
[BlackElo "2110"]
[PlyCount "136"]
[EventDate "2016.03.13"]
[EventType "team-tourn"]
[EventRounds "11"]
[EventCountry "CRO"]
[SourceTitle "EXT 2019"]
[Source "ChessBase"]
[SourceDate "2018.10.10"]
[SourceVersion "1"]
[SourceVersionDate "2018.10.10"]
[SourceQuality "1"]

1. d4 d5 2. c4 c6 3. cxd5 cxd5 4. Nc3 Nf6 5. Nf3 Nc6 6. Bf4 e6 7. e3 Bd6 8. Bxd6 Qxd6 9. Bb5 0-0 10. 0-0 Bd7 11. Qe2 Rfc8 12. Rac1 a6 13. Bd3 e5 14. dxe5 Nxe5 15. h3 Nxf3+ 16. Qxf3 Bc6 17. Qf5 Re8 18. Ne2 Re5 19. Qf4 Rae8 20. Nd4 Bd7 21. Nf3 R5e6 22. Qxd6 Rxd6 23. Nd4 Rb8 24. Rfd1 g6 25. Be2 Kf8 26. Bf3 Ke7 27. Ne2 Bc6 28. Nd4 Bd7 29. Rc7 Kd8 30. Rc2 Rc8 31. Rxc8+ Kxc8 32. Kf1 Bc6 33. Ke2 Kc7 34. Rc1 Rd8 35. b4 Kd6 36. Kd3 Nd7 37. Bd1 Ne5+ 38. Ke2 Bd7 39. Bb3 Nc6 40. Nxc6 bxc6 41. Rc5 Rb8 42. a3 Rb5 43. Rxb5 axb5 44. Kd3 c5 45. bxc5+ Kxc5 46. Kc3 g5 47. Bd1 f6 48. Bc2 h6 49. Bg6 Bc8 50. Kd3 Ba6 51. Kc3 Bc8 52. Be8 Be6 53. Bh5 Bf5 54. Bg4 Bb1 55. g3 Bg6 56. h4 Bb1 57. Be2 Bf5 58. Bd3 Bd7 59. Bc2 Bc8 60. f4 Bd7 61. Bd3 Bc8 62. Bg6 Bd7 63. Kd3 Bc6 64. e4 dxe4+ 65. Bxe4 Bd7 66. Kc3 Be6 67. hxg5 hxg5 68. fxg5 fxg5 1/2-1/2

[Event "CRO-chT3B Center North"]
[Site "Croatia"]
[Date "2013.10.13"]
[Round "7.2"]
[White "Lovrencic, Vladimir"]
[Black "Vujec, Ivan"]
[Result "0-1"]
[WhiteElo "2167"]
[BlackElo "2140"]
[PlyCount "104"]
[EventDate "2013.04.14"]
[EventType "team-tourn"]
[EventRounds "9"]
[EventCountry "CRO"]
[SourceTitle "EXT 2019"]
[Source "ChessBase"]
[SourceDate "2018.10.10"]
[SourceVersion "1"]
[SourceVersionDate "2018.10.10"]
[SourceQuality "1"]

1. e4 d5 2. exd5 Nf6 3. d4 Nxd5 4. Nf3 g6 5. Nc3 Nxc3 6. bxc3 Bg7 7. Bc4 0-0 8. 0-0 Nc6 9. Ba3 Re8 10. Re1 Na5 11. Bb3 Nxb3 12. axb3 Bg4 13. Qd3 Bxf3 14. Qxf3 c6 15. Rad1 e6 16. Qg3 a5 17. Bd6 a4 18. bxa4 Rxa4 19. Be5 Bxe5 20. dxe5 Qc7 21. h4 h5 22. Rd4 Rxd4 23. cxd4 Rd8 24. Qe3 c5 25. c3 cxd4 26. cxd4 Qc4 27. Rd1 b5 28. g4 hxg4 29. h5 Qc2 30. Rd3 Rc8 31. hxg6 fxg6 32. Kg2 Qc6+ 33. Kg3 Rf8 34. d5 Qc4 35. Rd4 Rf3+ 36. Qxf3 Qxd4 37. Qf6 Qxd5 38. Qxg6+ Kf8 39. Qf6+ Ke8 40. Kxg4 Kd7 41. f4 b4 42. Qf8 b3 43. Qb8 Kc6 44. Qb4 Qd3 45. Kh4 Kd5 46. Qd6+ Ke4 47. Qb4+ Kf3 48. f5 exf5 49. e6 Qe3 50. Kh5 Qxe6 51. Kg5 Qd5 52. Kh4 Qe4+ 0-1

[Event "CRO-chT3B Center North"]
[Site "Croatia"]
[Date "2013.05.19"]
[Round "5.3"]
[White "Resman, Boris"]
[Black "Lovrencic, Vladimir"]
[Result "1/2-1/2"]
[WhiteElo "1831"]
[BlackElo "2167"]
[PlyCount "38"]
[EventDate "2013.04.14"]
[EventType "team-tourn"]
[EventRounds "9"]
[EventCountry "CRO"]
[SourceTitle "EXT 2019"]
[Source "ChessBase"]
[SourceDate "2018.10.10"]
[SourceVersion "1"]
[SourceVersionDate "2018.10.10"]
[SourceQuality "1"]

1. e4 c5 2. Nf3 e6 3. d4 cxd4 4. Nxd4 a6 5. Bd3 Nf6 6. 0-0 Qc7 7. Kh1 d5 8. exd5 Nxd5 9. c3 Bd6 10. Nf3 Nd7 11. Nbd2 0-0 12. Ne4 Be7 13. Bg5 Bxg5 14. Nexg5 h6 15. Ne4 b6 16. Re1 Bb7 17. a4 Rfd8 18. Qc2 Rac8 19. Rac1 Nf4 1/2-1/2

[Event "CRO-chT3B Center North"]
[Site "Croatia"]
[Date "2012.04.21"]
[Round "2.31"]
[White "Lovrencic, Vladimir"]
[Black "Slamar, Velimir"]
[Result "1/2-1/2"]
[WhiteElo "2149"]
[BlackElo "2160"]
[PlyCount "66"]
[EventDate "2012.04.14"]
[EventType "team-tourn"]
[EventRounds "9"]
[EventCountry "CRO"]
[SourceTitle "EXT 2013"]
[Source "ChessBase"]
[SourceDate "2012.11.22"]
[SourceVersion "1"]
[SourceVersionDate "2012.11.22"]
[SourceQuality "1"]

1. d4 Nf6 2. Nf3 d5 3. c4 e6 4. Nc3 c5 5. cxd5 exd5 6. Bg5 Be6 7. e3 Be7 8. Be2 Nc6 9. 0-0 0-0 10. Rc1 cxd4 11. Nxd4 Nxd4 12. Qxd4 h6 13. Bh4 Ne4 14. Bxe7 Nxc3 15. Rxc3 Qxe7 16. Rfc1 Rfd8 17. h3 a6 18. a3 Rd7 19. Rc8+ Rxc8 20. Rxc8+ Rd8 21. Rxd8+ Qxd8 22. e4 Qg5 23. exd5 Qxd5 24. Qxd5 Bxd5 25. f4 Kf8 26. g3 Ke7 27. Kf2 Kd6 28. b4 f6 29. Ke3 g5 30. fxg5 fxg5 31. Kd4 Bg2 32. h4 gxh4 33. gxh4 Bc6 1/2-1/2

[Event "CRO-chT3B Center North"]
[Site "Croatia"]
[Date "2011.05.14"]
[Round "5.51"]
[White "Turk, Karlo"]
[Black "Lovrencic, Vladimir"]
[Result "1/2-1/2"]
[WhiteElo "1986"]
[BlackElo "2161"]
[PlyCount "64"]
[EventDate "2011.03.26"]
[EventType "team-tourn"]
[EventRounds "9"]
[EventCountry "CRO"]
[SourceTitle "EXT 2014"]
[Source "ChessBase"]
[SourceDate "2013.11.20"]
[SourceVersion "1"]
[SourceVersionDate "2013.11.20"]
[SourceQuality "1"]

1. d4 Nf6 2. Nf3 e6 3. Bg5 h6 4. Bxf6 Qxf6 5. e4 b6 6. Nbd2 Bb7 7. c3 d6 8. Bb5+ c6 9. Bd3 Nd7 10. 0-0 Be7 11. Re1 e5 12. a4 0-0 13. a5 Rfe8 14. a6 Bc8 15. b4 Nf8 16. d5 cxd5 17. exd5 g6 18. c4 Bf5 19. Bxf5 gxf5 20. Nf1 Nd7 21. Ng3 f4 22. Ne4 Qg6 23. c5 bxc5 24. bxc5 f5 25. Nxd6 Bxd6 26. cxd6 e4 27. Nh4 Qg5 28. g3 Ne5 29. d7 Nxd7 30. d6 Re5 31. Qb3+ Kh8 32. Qf7 Rg8 1/2-1/2

[Event "CRO-chT3B Center North"]
[Site "Croatia"]
[Date "2011.04.16"]
[Round "3.41"]
[White "Slamar, Velimir"]
[Black "Lovrencic, Vladimir"]
[Result "0-1"]
[WhiteElo "2202"]
[BlackElo "2161"]
[PlyCount "108"]
[EventDate "2011.03.26"]
[EventType "team-tourn"]
[EventRounds "9"]
[EventCountry "CRO"]
[SourceTitle "EXT 2014"]
[Source "ChessBase"]
[SourceDate "2013.11.20"]
[SourceVersion "1"]
[SourceVersionDate "2013.11.20"]
[SourceQuality "1"]

1. d4 e6 2. Nf3 Nf6 3. g3 b6 4. Bg2 Bb7 5. 0-0 c5 6. c4 cxd4 7. Qxd4 Bc5 8. Qh4 0-0 9. Nc3 Be7 10. Qf4 Qc8 11. Bd2 d5 12. cxd5 Nxd5 13. Nxd5 Bxd5 14. Bc3 Nd7 15. e4 Bb7 16. Rad1 Rd8 17. Ng5 Bf6 18. Bxf6 gxf6 19. Nf3 Qc2 20. Rd4 Kf8 21. Rc1 Qxb2 22. Rcd1 e5 23. Qh6+ Ke8 24. R4d2 Qb4 25. Bh3 Nf8 26. Rxd8+ Rxd8 27. Rxd8+ Kxd8 28. Qxf6+ Qe7 29. Qf5 Ng6 30. Bg4 Kc7 31. h4 f6 32. h5 Nf8 33. Nh4 Nd7 34. Qf3 Nc5 35. Bf5 a5 36. Qe3 Qf7 37. f3 Qxh5 38. Ng2 Qg5 39. f4 Qg7 40. fxe5 fxe5 41. Kh2 h6 42. Nh4 Qf6 43. Nf3 Qd6 44. Qc3 Kb8 45. Nxe5 Nxe4 46. Bxe4 Bxe4 47. Nf7 Qc7 48. Qf6 h5 49. Ng5 Qc2+ 50. Kh3 Bf5+ 51. g4 hxg4+ 52. Kg3 Qc7+ 53. Kg2 Bc8 54. Ne6 Qc6+ 0-1

[Event "CRO-chT3"]
[Site "Varazdin"]
[Date "2009.04.04"]
[Round "1"]
[White "Lovrencic, Vladimir"]
[Black "Zeleznjak, Tihomir"]
[Result "1/2-1/2"]
[WhiteElo "2162"]
[BlackElo "2107"]
[PlyCount "37"]
[EventDate "2009.04.04"]
[EventType "team-tourn"]
[EventRounds "9"]
[EventCountry "CRO"]
[SourceTitle "EXT 2011"]
[Source "ChessBase"]
[SourceDate "2010.11.26"]
[SourceVersion "1"]
[SourceVersionDate "2010.11.26"]
[SourceQuality "1"]

1. d4 d5 2. Nf3 Nf6 3. Bf4 c5 4. c3 Qb6 5. Qb3 c4 6. Qxb6 axb6 7. Nbd2 b5 8. a3 Nc6 9. h3 Bf5 10. Rc1 Ne4 11. g4 Bg6 12. Nh4 Nxd2 13. Kxd2 f6 14. Nxg6 hxg6 15. e3 e5 16. Bg3 Be7 17. Bg2 0-0-0 18. Ke2 Rhf8 19. h4 1/2-1/2

[Event "CRO-chT3"]
[Site "Varazdin"]
[Date "2008.10.18"]
[Round "8"]
[White "Lovrencic, Vladimir"]
[Black "Purgar, Ivona"]
[Result "1/2-1/2"]
[WhiteElo "2167"]
[BlackElo "2049"]
[PlyCount "33"]
[EventDate "2008.04.12"]
[EventType "team-tourn"]
[EventRounds "9"]
[EventCountry "CRO"]
[SourceTitle "EXT 2011"]
[Source "ChessBase"]
[SourceDate "2010.11.26"]
[SourceVersion "1"]
[SourceVersionDate "2010.11.26"]
[SourceQuality "1"]

1. e4 c5 2. Nf3 e6 3. d4 cxd4 4. Nxd4 Nf6 5. Nc3 d6 6. g3 Be7 7. Bg2 0-0 8. 0-0 a6 9. h3 Qc7 10. Kh2 Nc6 11. Nxc6 bxc6 12. f4 Bb7 13. Be3 d5 14. Bd4 Rfd8 15. Bxf6 Bxf6 16. e5 Be7 17. Qg4 1/2-1/2

[Event "CRO-chT2 Center"]
[Site "Zagreb"]
[Date "2005.04.24"]
[Round "3.3"]
[White "Draganic, Stjepan"]
[Black "Lovrencic, Vladimir"]
[Result "1/2-1/2"]
[WhiteElo "2234"]
[BlackElo "2273"]
[PlyCount "52"]
[EventDate "2005.04.03"]
[EventType "tourn"]
[EventRounds "11"]
[EventCountry "CRO"]
[SourceTitle "EXT 2007"]
[Source "ChessBase"]
[SourceDate "2006.11.23"]
[SourceVersion "1"]
[SourceVersionDate "2006.11.23"]
[SourceQuality "1"]

1. d4 Nf6 2. Bg5 Ne4 3. Bf4 c5 4. c3 Qb6 5. Qc2 d5 6. e3 Bf5 7. Qb3 c4 8. Qxb6 axb6 9. f3 Nf6 10. Nd2 b5 11. Bxb8 Rxb8 12. Ne2 e6 13. a3 Bd6 14. Ng3 Bg6 15. Be2 Ra8 16. Rc1 h5 17. Bd1 h4 18. Ne2 Nd7 19. Bc2 Bxc2 20. Rxc2 Nb6 21. Nb1 Kd7 22. Nc1 g5 23. 0-0 Rhd8 24. f4 f5 25. Ne2 Rg8 26. Nd2 g4 1/2-1/2